| 000 | 00388nam a2200157Ia 4500 | ||
|---|---|---|---|
| 008 | 230917s9999||||xx |||||||||||||| ||und|| | ||
| 040 |
_e43146 _aMAIN |
||
| 041 | _aEnglish | ||
| 082 | _a940.28 C844E | ||
| 100 | _aCraig, Gordon A | ||
| 245 | 0 | _aEurope since 1815 | |
| 250 | _a3rd ed. | ||
| 260 |
_aNew York _bHolt, Rinehart and Winston _c1971 |
||
| 300 | _axvii, 867 p. | ||
| 942 | _cBK | ||
| 999 |
_c182733 _d182733 |
||